| 000 | 00372 a2200133 4500 | ||
|---|---|---|---|
| 001 | 91483 | ||
| 082 | _aPR 1447 | ||
| 090 |
_c43618 _d43617 |
||
| 100 | _aWaqar Ahmed; Shahzada Iqbal (Advisor) | ||
| 245 |
_aCAN (Controller Area Network) BUS Familiarization and Interfacing _n59 "B" EC |
||
| 260 |
_aRawalpindi _bNUST _c2004 |
||
| 300 | _a71p | ||
| 500 | _aBE Project Reports | ||
| 942 |
_aCAE NUST _kPR 1447 |
||
| 999 |
_c326556 _d326556 |
||